Catálogo

SIMULACION DE SISTEMAS (Registro nro. 6233)

Detalles MARC
000 -LEADER
fixed length control field 00519nam a2200193 a 4500
001 - CONTROL NUMBER
control field 6233
005 - DATE AND TIME OF LATEST TRANSACTION
control field 20180713190101.0
008 - FIXED-LENGTH DATA ELEMENTS--GENERAL INFORMATION
fixed length control field 140415s1982 mx 000 0 spa d
020 ## - INTERNATIONAL STANDARD BOOK NUMBER
International Standard Book Number 9681304632
041 ## - LANGUAGE CODE
Language code of text/sound track or separate title spa
082 ## - DEWEY DECIMAL CLASSIFICATION NUMBER
Classification number 003.3
Item number GOR
100 1# - MAIN ENTRY--PERSONAL NAME
Personal name GORDON, GEOFFREY
245 10 - TITLE STATEMENT
Title SIMULACION DE SISTEMAS
250 ## - EDITION STATEMENT
Edition statement 1a ed.
260 ## - PUBLICATION, DISTRIBUTION, ETC.
Place of publication, distribution, etc. MEXICO :
Name of publisher, distributor, etc. DIANA,
Date of publication, distribution, etc. 1982
300 ## - PHYSICAL DESCRIPTION
Extent 344
650 14 - SUBJECT ADDED ENTRY--TOPICAL TERM
Topical term or geographic name entry element MODELOS MATEMATICOS
General subdivision SIMULACION POR COMPUTADORES DIGITALES
700 1# - ADDED ENTRY--PERSONAL NAME
Personal name FERNANDEZ E., SERGIO
Relator term tr.
Existencias
Withdrawn status Lost status Source of classification or shelving scheme Damaged status Not for loan Home library Current library Shelving location Date acquired Source of acquisition Total Checkouts Full call number Barcode Price effective from Koha item type Collection code Inventory number Date last seen Date last checked out
Descarte   Dewey Decimal Classification     Biblioteca Karol Wojtyla Biblioteca Karol Wojtyla   03/12/2013 Compra   '003.3 GOR 1866 03/12/2013 Libro        
    Dewey Decimal Classification     Biblioteca Karol Wojtyla Biblioteca Karol Wojtyla Sala general 03/12/2013 Compra   '003.3 GOR 29265 03/12/2013 Libro General 151000000000000000064985 05/01/2026  
  No inventariado Dewey Decimal Classification     Biblioteca Karol Wojtyla Biblioteca Karol Wojtyla   03/12/2013 Compra   '003.3 GOR 44971 03/12/2013 Libro        
    Dewey Decimal Classification     Biblioteca Karol Wojtyla Biblioteca Karol Wojtyla Sala general 03/12/2013 Compra   '003.3 GOR 29264 03/12/2013 Libro General 151000000000000000064984 05/01/2026 07/06/2016
Descarte   Dewey Decimal Classification     Tehuacán Tehuacán Sala general 03/12/2013 Compra   3.3 GOR 28542 03/12/2013 Libro General